Firemní strategie pro praxi : Praktický návod pro manažery a podnikatele

Gespeichert in:
Bibliographische Detailangaben
1. Verfasser: Charvát, Jaroslav (Verfasst von)
Format: Buch
Sprache:Tschechisch
Veröffentlicht: Praha : Grada Publishing, 2006
Ausgabe:1. vyd.
Schlagworte:
Tags: Tag hinzufügen
Keine Tags, Fügen Sie das erste Tag hinzu!

MARC

LEADER 00000nam a22000003a 4500
001 stu137453
005 20190206132438.2
008 070130s2006----xr------------------cze-d
020 |a 80-247-1389-6 
040 |a STU  |b slo 
041 0 |a cze 
044 |a xr 
080 |a 005.5 
080 |a 005.21 
100 1 |a Charvát, Jaroslav  |4 aut 
245 1 |a Firemní strategie pro praxi :  |b Praktický návod pro manažery a podnikatele 
250 |a 1. vyd. 
260 |a Praha :  |b Grada Publishing,  |c 2006 
300 |a 201 s 
650 7 |a riadiace operácie, vedenie podniku  |2 stusub 
650 7 |a stratégia riadenia  |2 stusub 
996 |b 284J031742  |c J*107742  |l JJSK  |s A  |a 24  |w stu137453_0001